00788nam a22002177a 450000500170000001000150001702000260003203500140005803700090007208200120008110000300009324500980012325000060022126000310022727000800025830000230033870000100036194200260037199900190039795201540041620250114153714.0 aENG-143401 c850.00a9788196241032 aEN-126933 bDBAD a346.048 aChatterji, Souvik 97655800aTextbook on Equity, Trusts, Specific Relief, Easements and Property Law/cby Souvik Chatterji a1 aGurgaonbLexis Nexisc2023 a14th Floor, Bldg. No.10, Tower-B, DLF Cyber City, Phase-IIbGurgaone122002 axl,682p.c24cm(pb) 976552 2ddccENh346.048mCHA c208484d208484 001040718NFICaLbLd2025-01-14eDelivery of Books Act Divisiong850.00l0o346.048 CHApEN-126933r2025-01-14 00:00:00t1v850.00w2025-01-14yEN